000 00255nam a2200109Ia 4500
008 230724s1999 xx und d
041 _aeng
100 _aRACHNAVALI R.
245 _aCREATIVE UNITY RABINDRANATH TAGORE.
260 _c1999
300 _a206
999 _c1172860
_d1172860